|
|
|
|
| LEADER |
01592ppm a22003858a 4500 |
| 001 |
00031706 |
| 005 |
20171026081025.0 |
| 008 |
140122s2013 ||||||viesd |
| 041 |
0 |
# |
|a vie
|
| 082 |
1 |
4 |
|a 907
|b S550D
|
| 100 |
0 |
# |
|a Lê, Thị Cà Nuôi
|
| 245 |
1 |
0 |
|a Sử dụng nguồn sử liệu hiện vật bảo tàng tình Đồng Tháp trong dạy học lịch sử địa phương ở trường Trung học phổ thông (Lớp 12)
|b Khóa luận tốt nghiệp : Ngành Sư phạm Lịch sử: Trình độ : Đại học
|c Lê Thị Cà Nuôi, Nguyễn Duy Phước; Trần Thị Hiền (hướng dẫn)
|
| 260 |
# |
# |
|a Đồng Tháp
|b Trường Đại học Đồng Tháp
|c 2013
|
| 300 |
# |
# |
|e 1 bản tóm tắt
|a 88 tr.+ phụ lục
|c 30 cm.
|
| 500 |
# |
# |
|a ĐTTTS ghi: Bộ Giáo dục và Đào tạo. Trường Đại học Đồng Tháp. Khoa Giáo dục Chính trị
|
| 653 |
# |
# |
|a Bảo tàng
|
| 653 |
# |
# |
|a Dạy học
|
| 653 |
# |
# |
|a Đồng Tháp
|
| 653 |
# |
# |
|a Vận dụng
|
| 653 |
# |
# |
|a Sử liệu
|
| 653 |
# |
# |
|a Lớp 12
|
| 653 |
# |
# |
|a Lịch sử địa phương
|
| 700 |
1 |
# |
|e hướng dẫn
|a Trần, Thị Hiền
|
| 700 |
1 |
# |
|a Nguyễn, Duy Phước
|
| 852 |
# |
# |
|j KD.0015424
|j KD.0015427
|
| 852 |
# |
# |
|b Kho đọc
|j KD.0015427, KD.0015424
|
| 910 |
# |
# |
|d 22/01/2014
|
| 980 |
# |
# |
|a Trung tâm Học liệu Lê Vũ Hùng, Trường Đại học Đồng Tháp
|